Reclamaȯ́ Tributr̀ia revisó da Matřia Colectv̀el :

Bibliographic Details
Main Author: Leitó, Helder Martins
Format: Unknown
Language:Portuguese
Published: Porto, : Almeida & Leitó Lda.; 2009
Subjects:
Online Access:Acceso restringido

MARC

LEADER 00000ny a22000003n 4500
005 20110520124151.0
008 100324s2009 po 000 0 por d
035 |a 4838 
040 |d vLex 
090 |c 101  |d 101 
100 1 |a Leitó, Helder Martins 
245 0 |a Reclamaȯ́ Tributr̀ia  |h [Recurso electrn̤ico]  |b revisó da Matřia Colectv̀el :  |b recurso Hierr̀quico /  |c Helder Martins Leitó 
256 |a Servicio en ln̕ea 
260 |a Porto, :  |b Almeida & Leitó Lda.;  |c 2009 
506 1 |a Contenido solo disponible en los productos indicados  |d vLex Global  |d vLex Global (Academic Edition, excluding Law Schools)  |d vLex Global (U.S. Academic Edition, Law Schools)  |d vLex Global (U.S. Academic Edition, excluding Law Schools)  |d vLex Global (Academic Edition, Law Schools) 
650 0 4 |a Derecho fiscal  |z Portugal  |x Publicaciones perid̤icas 
650 0 4 |a Impuesto  |x Reclamaciones y apelaciones  |z Portugal 
740 0 |a vLex Libros (Servicios en ln̕ea) 
856 4 0 |z Acceso restringido  |u http://vlex.com/source/reclamacao-tributaria-revisao-da-materia-colectavel-recurso-hierarquico-4838 
942 |c BOOK 
999 0 |a Taxation   |b Portugal